Obce okresu Kolín - Statistics

General Stats
  • This quiz has been taken 16 times
  • The average score is 28 of 90
Answer Stats
Počet obyvatel Odpovědi % Correct
7 487 Český Brod
100%
33 444 Kolín
100%
2 222 Velim
82%
1 924 Cerhenice
73%
1 984 Kouřim
73%
1 374 Nová Ves I
73%
1 696 Starý Kolín
73%
2 619 Velký Osek
73%
2 156 Zásmuky
73%
4 874 Pečky
64%
2 211 Týnec nad Labem
64%
1 070 Bečváry
55%
2 016 Červené Pečky
55%
904 Ovčáry
55%
378 Radovesnice I
55%
1 116 Klučov
45%
1 572 Poříčany
45%
516 Radovesnice II
45%
1 094 Tuklaty
45%
1 471 Veltruby
45%
695 Býchory
36%
534 Jestřabí Lhota
36%
399 Němčice
36%
1 947 Plaňany
36%
617 Pňov-Předhradí
36%
643 Polepy
36%
1 206 Radim
36%
519 Svojšice
36%
988 Tři Dvory
36%
558 Volárna
36%
296 Vrátkov
36%
315 Břežany I
27%
923 Břežany II
27%
764 Chrásťany
27%
572 Křečhoř
27%
319 Libodřice
27%
329 Lošany
27%
894 Prišimasy
27%
465 Přistoupim
27%
660 Rostoklaty
27%
680 Tatce
27%
585 Tismice
27%
680 Tuchoraz
27%
443 Žehuň
27%
1 904 Žiželice
27%
170 Černíky
18%
491 Chotutice
18%
778 Dobřichov
18%
504 Dolní Chvatliny
18%
111 Dománovice
18%
1 426 Doubravčice
18%
98 Grunta
18%
493 Horní Kruty
18%
584 Hradešín
18%
216 Kbel
18%
974 Konárovice
18%
934 Krakovany
18%
407 Krupá
18%
107 Krychnov
18%
230 Kšely
18%
369 Malotice
18%
169 Mrzky
18%
776 Nebovidy
18%
325 Ohaře
18%
347 Pašinka
18%
184 Polní Chrčice
18%
213 Polní Voděrady
18%
328 Přehvozdí
18%
558 Ratboř
18%
687 Ratenice
18%
374 Toušice
18%
555 Třebovle
18%
1 184 Vitice
18%
415 Vrbčany
18%
264 Žabonosy
18%
370 Ždánice
18%
261 Barchovice
9%
318 Bělušice
9%
255 Choťovice
9%
187 Církvice
9%
247 Drahobudice
9%
131 Klášterní Skalice
9%
613 Kořenice
9%
319 Libenice
9%
186 Lipec
9%
114 Masojedy
9%
226 Skvrňov
9%
350 Uhlířská Lhota
9%
260 Veletov
9%
110 Zalešany
0%
No matching quizzes found
Score Distribution
Percent of People with Each Score
Percentile by Number Answered
Your Score History
You have not taken this quiz